| 000 | 00485cam a2200145 4500500 | ||
|---|---|---|---|
| 005 | 20251228074239.0 | ||
| 041 | _afre | ||
| 042 | _adc | ||
| 100 | 1 | 0 |
_aLabouret, Mireille _eauthor |
| 245 | 0 | 0 | _aCorporiser un système enseveli dans les ténèbres » |
| 260 | _c2013. | ||
| 500 | _a61 | ||
| 786 | 0 | _nL'Année balzacienne | 14 | 1 | 2013-12-01 | p. 209-230 | 0084-6473 | |
| 856 | 4 | 1 | _uhttps://shs.cairn.info/revue-l-annee-balzacienne-2013-1-page-209?lang=fr&redirect-ssocas=7080 |
| 999 |
_c1597273 _d1597273 |
||